000 00488nam a2200181Ia 4500
005 20250326125209.0
008 250326s9999 xx 000 0 und d
037 _aTextbook
040 _aFMSL
_beng
_cFMSL
041 _aeng
_2eng
084 _aX5.44k K7
_qFMSL
100 _aNamjoshi M V
245 0 _aChambers of commerce in India
_cNamjoshi M V; Sabade B R
260 _aNY
_bNY, Asia
_c1967
300 _a143p
942 _cTB
_hX5.44k K7
999 _c1276967
_d1276967